000 00610nam a2200229Ia 4500
003 OSt
005 20221005130950.0
006 a|||||r|||| 00| 0
007 ta
008 221004b |||||||| |||| 00| 0 mal d
024 _a53071
037 _cTextual
040 _aCRL
_cCRL
_bmal
041 _2mal
_amal
082 _a4:(P32)n212,M76, 32L8
100 _aVeliparambil George Au.
_9638925
245 0 _aSatyanadathinte charitram
260 _c1978
650 _aJOURNALISM
942 _h4:(P32)n212,M76, 32L8
_cTEXL
_2cc
999 _c1058952
_d1058952